|
|
|
|
| LEADER |
00000nam0a2200000 4500 |
| 001 |
128893 |
| 005 |
20231031133126.0 |
| 020 |
|
|
|a RU
|b 83-32783
|
| 035 |
|
|
|a (RuTPU)RU\TPU\book\139487
|
| 090 |
|
|
|a 128893
|
| 100 |
|
|
|a 20080116d1983 k a0rusy5003 ca
|
| 101 |
0 |
|
|a rus
|
| 102 |
|
|
|a RU
|
| 105 |
|
|
|a a z 001zy
|
| 200 |
1 |
|
|a Развитие электротермической техники
|f М. С. Шевцов, А. С. Бородачев
|g под ред. А. Ф. Белова
|
| 210 |
|
|
|a Москва
|c Энергоатомиздат
|d 1983
|
| 215 |
|
|
|a 208 с.
|c ил.
|
| 320 |
|
|
|a Библиогр.: с. 203-206.
|
| 610 |
1 |
|
|a электротермия
|
| 610 |
1 |
|
|a история
|
| 610 |
1 |
|
|a электротермическое оборудование
|
| 610 |
1 |
|
|a развитие
|
| 610 |
1 |
|
|a 19 век
|
| 610 |
1 |
|
|a 20 век
|
| 675 |
|
|
|a 621.365(09)
|v 3
|
| 700 |
|
1 |
|a Шевцов
|b М. С.
|g Моисей Сендерович
|
| 701 |
|
1 |
|a Бородачев
|b А. С.
|g Анатолий Сергеевич
|
| 702 |
|
1 |
|a Белов
|b А. Ф.
|4 340
|
| 801 |
|
0 |
|a RU
|b RuMRKP
|c 19950704
|g psbo
|
| 801 |
|
1 |
|a RU
|b 63413507
|c 20080116
|g PSBO
|
| 801 |
|
2 |
|a RU
|b 63413507
|c 20150910
|g PSBO
|
| 942 |
|
|
|c BK
|